000 00302 a2200109 4500
001 ART_11322
005 20260410161856.0
008 260409a
245 1 0 _a¿Es divisible la libertad?
100 1 _aTagle, Manuel
773 0 _tRevista de Economía
_g- Nº 33 (jun. 1982)
_wREV11077
999 _c25465
_d25465